000 00628nam a2200205Ia 4500
003 GCL
008 140319s9999 xx 000 0 ara d
040 _aGCL /
_cGCL
082 0 4 _a953
_bت ع
100 1 _aنتنج انتونى
245 1 0 _aالعرب انتصاراتهم وامجاد الاسلام /
_cنتنج انتونى
700 1 _aراشد البراوى
260 _a[S.N] :
_bمكتبة الانجلوالمصرية ،
_c1974
300 _a559 ص
490 _a
650 0 4 _aالتاريخ الاسلامى
650 0 4 _aالتاريخ
650 0 4 _aالغزوات الاسلامية
942 _2ddc
_cBK
999 _c31903
_d31903